| 000 | 00987nam a2200229 4500 | ||
|---|---|---|---|
| 005 | 20240530110610.0 | ||
| 008 | 160519s2014 ua g b 000 0 ara d | ||
| 017 |
_a15533 _bمصر. دار الكتب _d2013 |
||
| 020 | _a9789773505312 | ||
| 040 | _aEG-CaGPL | ||
| 082 | 0 | 4 |
_a940.18\ _bم ك _221 |
| 100 | 0 | _aمحمد حسن العيدروس | |
| 245 | 0 | 2 |
_aالكفاح العربى ونهاية الاحتلال الاستعمارى المسيحى الاوروبى / _cمحمد حسن العيدروس. |
| 250 | _aط .1. | ||
| 260 |
_aالقاهرة ؛ الكويت ؛ الجزائر : _bدار الكتاب الحديث، _c2014. |
||
| 300 |
_a383 ص. ؛ _c25 سم. |
||
| 490 | _aالموسوعة التاريخية والعسكرية : العرب والصليبيين | ||
| 504 | _aيشتمل على ارجاعات ببليوجرافية. | ||
| 650 | 0 | 4 | _aالحروب الصليبية |
| 650 | 0 | 4 |
_aالتاريخ الاسلامى _vدوائر المعارف |
| 942 |
_2ddc _cBK |
||
| 999 |
_c62844 _d62844 |
||